| 000 | 00468nam a2200181Ia 4500 | ||
|---|---|---|---|
| 008 | 230525s9999 xx 000 0 und d | ||
| 020 | _a978-81-7371-954-7 | ||
| 082 |
_a 004.678 _bBAH |
||
| 100 | _aArshdeep Bahga | ||
| 245 | 0 | _aInternet of Things A Hands -On Approach | |
| 250 | _a1 | ||
| 260 |
_aHyderabad _bUniversities press _c2016 |
||
| 300 | _a520p; | ||
| 500 | _aQuantity Number: 210 | ||
| 650 | _aElectronics | ||
| 700 | _aVijay Madisetti | ||
| 942 | _cBK | ||
| 999 |
_c60801 _d60801 |
||